<?xml version="1.0" encoding="UTF-8"?>
<collection xmlns="http://www.loc.gov/MARC21/slim">
 <record>
  <leader>     na                 </leader>
  <controlfield tag="001">INLIS000000000874156</controlfield>
  <controlfield tag="005">20220927015132</controlfield>
  <datafield tag="035" ind1=" " ind2=" ">
   <subfield code="a">0010-0922001684</subfield>
  </datafield>
  <controlfield tag="007">ta</controlfield>
  <controlfield tag="008">211126s2011    jkia   gs           ind d</controlfield>
  <datafield tag="020" ind1=" " ind2=" ">
   <subfield code="a">978-979-22-6571-2</subfield>
  </datafield>
  <datafield tag="040" ind1=" " ind2=" ">
   <subfield code="a">YOPDYOG</subfield>
   <subfield code="b">ind</subfield>
   <subfield code="e">rda</subfield>
  </datafield>
  <datafield tag="082" ind1="0" ind2="4">
   <subfield code="2">23</subfield>
   <subfield code="a">721.2</subfield>
  </datafield>
  <datafield tag="084" ind1=" " ind2=" ">
   <subfield code="a">721.2 IME s</subfield>
  </datafield>
  <datafield tag="245" ind1="1" ind2="0">
   <subfield code="a">Sejuk dan indah dengan roster plus 30 desain menawan /</subfield>
   <subfield code="c">Imelda Akmal, Novi Arimbi, Nadia Primasanti, Sayuri Zuwanita, Wayan Sawitri, Dita Kusumawardhani; penyunting, F. Fialita</subfield>
  </datafield>
  <datafield tag="850" ind1=" " ind2=" ">
   <subfield code="a">YOPDYOG</subfield>
  </datafield>
  <datafield tag="264" ind1="3" ind2="1">
   <subfield code="a">Jakarta :</subfield>
   <subfield code="b">Gramedia Pustaka Utama,</subfield>
   <subfield code="c">2011</subfield>
  </datafield>
  <datafield tag="336" ind1=" " ind2=" ">
   <subfield code="2">rdacontent</subfield>
   <subfield code="a">teks</subfield>
  </datafield>
  <datafield tag="337" ind1=" " ind2=" ">
   <subfield code="2">rdamedia</subfield>
   <subfield code="a">komputer</subfield>
  </datafield>
  <datafield tag="338" ind1=" " ind2=" ">
   <subfield code="2">rdacarrier</subfield>
   <subfield code="a">sumber sambung jaring</subfield>
  </datafield>
  <datafield tag="300" ind1=" " ind2=" ">
   <subfield code="a">1 berkas komputer (10,4MB)</subfield>
  </datafield>
  <datafield tag="856" ind1="4" ind2="0">
   <subfield code="n">Perpustakaan Digital iJogja</subfield>
   <subfield code="u">http://ijogja.id /publications/books/22578</subfield>
  </datafield>
  <datafield tag="852" ind1="8" ind2=" ">
   <subfield code="a">aplikasi iJogja</subfield>
  </datafield>
  <datafield tag="500" ind1=" " ind2=" ">
   <subfield code="a">Untuk mengakses buku ini silakan unduh aplikasi http://ijogja.id</subfield>
  </datafield>
  <datafield tag="100" ind1="0" ind2=" ">
   <subfield code="a">Imelda Akmal</subfield>
   <subfield code="e">Pengarang</subfield>
  </datafield>
  <datafield tag="650" ind1=" " ind2="4">
   <subfield code="a">Dinding--</subfield>
   <subfield code="x">Desain arsitektur</subfield>
  </datafield>
  <datafield tag="700" ind1="0" ind2=" ">
   <subfield code="a">Novi Arimbi</subfield>
   <subfield code="e">Pengarang</subfield>
  </datafield>
  <datafield tag="700" ind1="0" ind2=" ">
   <subfield code="a">Nadia Primasanti</subfield>
   <subfield code="e">Pengarang</subfield>
  </datafield>
  <datafield tag="700" ind1="0" ind2=" ">
   <subfield code="a">Sayuri Zuwanita</subfield>
   <subfield code="e">Pengarang</subfield>
  </datafield>
  <datafield tag="700" ind1="0" ind2=" ">
   <subfield code="a">Wayan Sawitri</subfield>
   <subfield code="e">Pengarang</subfield>
  </datafield>
  <datafield tag="700" ind1="0" ind2=" ">
   <subfield code="a">Dita Kusumawardhani</subfield>
   <subfield code="e">Pengarang</subfield>
  </datafield>
  <datafield tag="700" ind1="1" ind2=" ">
   <subfield code="a">Fialita, F.</subfield>
   <subfield code="e">Penyunting</subfield>
  </datafield>
  <datafield tag="440" ind1=" " ind2=" ">
   <subfield code="a">Seri rumah ide</subfield>
  </datafield>
  <datafield tag="990" ind1=" " ind2=" ">
   <subfield code="a">002993-EPD/B.2017</subfield>
  </datafield>
  <datafield tag="990" ind1=" " ind2=" ">
   <subfield code="a">002994-EPD/B.2017</subfield>
  </datafield>
 </record>
</collection>
